Maija Vilkkumaan kappaleita lyriikoiden mukaan - Statistics

Yleistilastot
  • Tätä visaa on pelattu 45 kertaa
  • Keskiarvotulos 6 / 15
Vastaustilastot
Sanat Kappale % Oikein
onnen keiju
ole hyvä ja lennä, hyvä ja lennä
tee sun taiat
Ei
100%
Seiso hiljaa, pistä silmät kii Mulla on vaikutusvaltaa Ja yhteyksiä poliisiin Satumaa-tango
83%
Niin sä tulit varhain väsyksiin petyit niihin puheisiin joissa kaikki on kohta mut ei vielä, vielä, vielä, ikinä ei Ingalsin Laura
77%
Tänään ihmiset kyräilee, Naapurit hurskastelee. Lähikaupan myyjä tuntee sun mummon, Se kutsuu kylään sä et mee. Lottovoitto
37%
Raivokas ja iisi Vicky seiskaviisi Mä tulin hakemaan sua pihatietä pitkin Sä vuohenputkee kitkit Mä näin että sä itkit Hei sisko
31%
Kun Saara täytti kahdeksan Silloin kävi niin Että juhliin tuli vain yksi Vaikka kaksikymmentäviisi kutsuttiin Ei saa surettaa
29%
Mitä jos sinut näkisin Hymyilisitkö vain väkisin Vai ihanasti niinkuin silloin Vai tuntisitko ees Hiuksissa hiekkaa
29%
Sä olit etupenkin poika joka aina kaiken ties muut sanoi susta tulee vielä insinööri tai virkamies Tähti
29%
Keskustassa on pimeää Kaukana ääni sireenin Siniset valot heijastuu lätäköistä taivaisiin Viimeinen elämä
29%
Jos haluat mennä niin älä mee jos syöt älä syö jos on pakko syö pahaa Kristiina
26%
Mä en haluaisi mennä tänään Mutta kadulla oottaa jo taksi Mun elämä
23%
Niin monta yötä Siinä kalliolla oli ihana olla Tuuli lelli kahta Rakastavaista vähäsen erilaista Liian kauan
20%
Neiti takkutukka, lumpeenkukka, kompuroiva raitasukka Laulaa kolikoita hattuun Hei tie
17%
Jos oisin rohkea ja luonteeni valoisa Ja puhuisin lempeämmin Kertoisin sullekin sen kuinka onnellinen Sylissäs oisin ja lämmin Prinsessa jää
11%
Laurin nainen on kaunis Se ei keneltäkään sitä salaa Keittiössä se tinaa valaa Ja Lauri soittaa huonoja levyjään Rikkinäinen sähikäinen
11%
Ehtoja vastaavia visoja ei löytynyt
Tulosjakauma
Jokaisen tuloksen saaneiden osuus
Persentiili vastausten määrän mukaan
Tuloshistoriasi
Et ole pelannut tätä visaa